The social dimensions of biodiversity and its conservation in the Western ghats of Ratnagiri district, Maharashtra / (Record no. 27385)
[ view plain ]
| 000 -LEADER | |
|---|---|
| fixed length control field | 00637nam a2200169Ia 4500 |
| 008 - FIXED-LENGTH DATA ELEMENTS--GENERAL INFORMATION | |
| fixed length control field | 220217s9999||||xx |||||||||||||| ||eng|| |
| 082 ## - DEWEY DECIMAL CLASSIFICATION NUMBER | |
| Classification number | RP.0349 |
| 100 ## - MAIN ENTRY--PERSONAL NAME | |
| Personal name | Patil, P. Y. |
| Affiliation | University of Mumbai |
| -- | Mumbai |
| 245 #4 - TITLE STATEMENT | |
| Title | The social dimensions of biodiversity and its conservation in the Western ghats of Ratnagiri district, Maharashtra / |
| Statement of responsibility, etc. | P. Y. Patil |
| 260 ## - PUBLICATION, DISTRIBUTION, ETC. | |
| Place of publication, distribution, etc. | New Delhi : |
| Name of publisher, distributor, etc. | Indian Council of Social Science Research, |
| Date of publication, distribution, etc. | 2015 |
| 300 ## - PHYSICAL DESCRIPTION | |
| Extent | 70p. |
| 536 ## - FUNDING INFORMATION NOTE | |
| Text of note | Indian Council of Social Science Research |
| 546 ## - LANGUAGE NOTE | |
| Language note | English |
| 650 ## - SUBJECT ADDED ENTRY--TOPICAL TERM | |
| Topical term or geographic name entry element | Biodiversity |
| Geographic subdivision | IndiaWestern Ghats |
| 650 ## - SUBJECT ADDED ENTRY--TOPICAL TERM | |
| Topical term or geographic name entry element | Conservation of natural resources |
| 942 ## - ADDED ENTRY ELEMENTS (KOHA) | |
| Koha item type | Research Reports |
| Withdrawn status | Lost status | Source of classification or shelving scheme | Damaged status | Not for loan | Collection code | Home library | Current library | Date acquired | Source of acquisition | Total Checkouts | Full call number | Barcode | Date last seen | Price effective from | Koha item type |
|---|---|---|---|---|---|---|---|---|---|---|---|---|---|---|---|
| Dewey Decimal Classification | Not For Loan | ICSSR Research Project Reports | NASSDOC Library | NASSDOC Library | 24/01/2022 | Gifted by: RP Division ICSSR | RP.0349 | 52038 | 17/02/2022 | 17/02/2022 | Research Reports |
